| 000 | 00000nam##2200000za#4500 |
| 001 | 9.691833 |
| 003 | CaOODSP |
| 005 | 20241203113636 |
| 007 | cr ||||||||||| |
| 008 | 150407|2009||||xxc|||||o f|0| 0 eng|d |
| 020 | |a978-1-100-11835-2 |
| 040 | |aCaOODSP|beng |
| 043 | |an-cn--- |
| 086 | 1 |aEn1-37/2009E-PDF |
| 110 | 1 |aCanada. |bEnvironment Canada. |
| 245 | 10|aProgress report on the Species at Risk Act (SARA) |h[electronic resource] |
| 260 | |aOttawa - Ontario : |bEnvironment Canada |cMay 2009. |
| 300 | |a20p.|bfig. |
| 590 | |a11-05-Supp|b2011-03-15 |
| 690 | 07|aEndangered species|2gcpds |
| 775 | 08|tRapport d'étape sur la Loi sur les espèces en péril (LEP) |w(CaOODSP)9.636129 |
| 856 | 40|ahttp://publications.gc.ca|qPDF|s220 KB|uhttps://publications.gc.ca/collections/collection_2011/ec/En1-37-2009-eng.pdf |